ALL Michigan Cities - Statistics

General Stats
  • This quiz has been taken 65 times
  • The average score is 288 of 1773
Answer Stats
County City / Town % Correct
D Wayne Detroit
89%
L Ingham, Clinton, Eaton Lansing‡
89%
L Ingham Lansing
89%
A Washtenaw Ann Arbor
86%
K Kalamazoo Kalamazoo
86%
T Grand Traverse and Leelanau Traverse City
86%
G Kent Grand Rapids
83%
F Genesee Flint
81%
S Saginaw Saginaw
78%
B Charlevoix Bay
75%
D Wayne Dearborn
75%
M Mackinac Mackinac Island
75%
M Cheboygan, Emmet Mackinaw City
75%
H Houghton | Keweenaw Houghton
72%
H Ogemaw Hill
69%
M Mackinac | Marquette Marquette
69%
M Muskegon Muskegon
69%
A Alpena Alpena
67%
B Calhoun Battle Creek
67%
H Hillsdale Hillsdale
67%
S St. Clair St. Clair
67%
W Cass | Wayne Wayne
67%
E Ingham and Clinton East Lansing
64%
J Jackson Jackson
64%
M Macomb Macomb
64%
M Arenac | Cass | Ingham Mason
64%
P St. Clair Port Huron
64%
R Oakland Rochester
64%
S Berrien St. Joseph
64%
B Bay Bay City
61%
C Cheboygan Cheboygan
61%
M Midland | Midland, Bay Midland
61%
M Monroe | Newaygo Monroe
61%
P Oakland Pontiac
61%
S Chippewa Sault Ste. Marie
61%
C Lenawee | Macomb | Oscoda Clinton
58%
F Oakland Farmington
58%
F Oakland Farmington Hills
58%
H Missaukee | Ottawa | Ottawa, Allegan Holland
58%
L Lapeer Lapeer
58%
L Wayne Livonia
58%
M Manistee Manistee
58%
N Newaygo Newaygo
58%
Y Washtenaw Ypsilanti
58%
A Bay Auburn
56%
C Wexford Cadillac
56%
D Wayne Dearborn Heights
56%
L Benzie | Berrien | Huron | +4 others Lake
56%
M Cheboygan Mackinaw
56%
O Oakland Oakland
56%
S Oakland Southfield
56%
S Arenac Sterling
56%
S Macomb Sterling Heights
56%
W Macomb | Midland Warren
56%
A Allegan Allegan
53%
A Oakland Auburn Hills
53%
B Barry Barry
53%
C Clare and Isabella Clare
53%
D Eaton Delta
53%
E Delta Escanaba
53%
G Wayne Grosse Pointe
53%
H Wayne Hamtramck
53%
I Ionia Ionia
53%
M Menominee Menominee
53%
R Oakland Rochester Hills
53%
R Roscommon Roscommon
53%
T Wayne Taylor
53%
T Newaygo | Oakland Troy
53%
T Tuscola Tuscola
53%
B Berrien Berrien
50%
B Oakland Birmingham
50%
C Charlevoix Charlevoix
50%
E Eaton Eaton
50%
G Otsego Gaylord
50%
H Huron | Wayne Huron
50%
L Alcona | Arenac | Berrien | +6 others Lincoln
50%
N Oakland Novi
50%
O Ontonagon Ontonagon
50%
P Houghton | Kalamazoo | Mackinac Portage
50%
S Macomb St. Clair Shores
50%
S Mackinac St. Ignace
50%
W Kent Wyoming
50%
A Hillsdale Allen
47%
A Shiawassee Antrim
47%
B Mecosta Big Rapids
47%
G Gladwin Gladwin
47%
K Kalkaska Kalkaska
47%
M Montcalm Montcalm
47%
M Isabella Mount Pleasant
47%
R Oakland | Ogemaw Rose
47%
S Shiawassee Shiawassee
47%
V Wayne Van Buren
47%
W Gratiot | Macomb | Sanilac Washington
47%
B Huron Bad Axe
44%
B Baraga Baraga
44%
B Berrien | Cheboygan | Eaton Benton
44%
B Berrien Benton Harbor
44%
G Genesee Genesee
44%
G Ottawa Grand Haven
44%
I Dickinson Iron Mountain
44%
I Gogebic Ironwood
44%
K Kent Kentwood
44%
M Lenawee Madison
44%
M Mecosta Mecosta
44%
R Oakland Royal Oak
44%
W Wayne Westland
44%
A Alcona Alcona
42%
B Mason Branch
42%
C Wayne Canton
42%
F Saginaw Frankenmuth
42%
I Ingham Ingham
42%
L Allegan | Calhoun | Midland Lee
42%
L Otsego Livingston
42%
O Ogemaw Ogemaw
42%
P Emmet Petoskey
42%
P Presque Isle Presque Isle
42%
S Sanilac Sanilac
42%
W Wexford Wexford
42%
A Lenawee Adrian
39%
A Arenac Arenac
39%
G Alpena | Mecosta Green
39%
H Menominee Harris
39%
H Oakland | Osceola Highland
39%
I Livingston Iosco
39%
I Isabella Isabella
39%
O Allegan Otsego
39%
A Kent Ada
36%
B Huron | Missaukee | Oakland Bloomfield
36%
E Kent East Grand Rapids
36%
E Macomb Eastpointe
36%
F Clare | Houghton | Lenawee | Oakland Franklin
36%
H Clare | Macomb Harrison
36%
H Oceana Hart
36%
H Wayne Highland Park
36%
H Livingston Howell
36%
H Charlevoix | Lenawee | Mackinac Hudson
36%
M Montmorency Montmorency
36%
M Alger Munising
36%
N Berrien New Buffalo
36%
O Houghton | Osceola Osceola
36%
P Wayne Plymouth
36%
R Lenawee Rome
36%
R Wayne Romulus
36%
S Houghton | Kalamazoo Schoolcraft
36%
A Calhoun Albion
33%
A Gratiot Alma
33%
B Oakland Bloomfield Hills
33%
B Livingston Brighton
33%
C Mackinac Clark
33%
D Washtenaw Dexter
33%
G Cheboygan | Clare | Grand Traverse | +8 others Grant
33%
G Wayne Grosse Pointe Farms
33%
I Marquette Ishpeming
33%
L Wayne Lincoln Park
33%
L Mason Ludington
33%
P Ionia Portland
33%
R Lapeer Rich
33%
R Macomb Romeo
33%
S Van Buren | Van Buren and Allegan South Haven
33%
S Oakland South Lyon
33%
S Clinton St. Johns
33%
T Wayne Trenton
33%
A Arenac | Hillsdale | Houghton Adams
31%
B Bay | Newaygo Beaver
31%
B Alger | Cheboygan Burt
31%
B Genesee Burton
31%
C Eaton Charlotte
31%
C Chippewa | Isabella | Mecosta Chippewa
31%
C Branch | Isabella Coldwater
31%
G Crawford Grayling
31%
G Wayne Grosse Pointe Woods
31%
H Ottawa Hudsonville
31%
I Wayne Inkster
31%
L Leelanau Leelanau
31%
M Schoolcraft Manistique
31%
M Alcona Millen
31%
M Macomb Mount Clemens
31%
N Macomb New Baltimore
31%
O Iosco Oscoda
31%
O Shiawassee Owosso
31%
O Oakland Oxford
31%
R Wayne River Rouge
31%
R Kent Rockford
31%
R Macomb Roseville
31%
S Washtenaw Saline
31%
S Calhoun | Kalkaska | Oakland Springfield
31%
S St. Joseph Sturgis
31%
U Branch | Grand Traverse | Isabella Union
31%
U Macomb Utica
31%
A Ottawa Allendale
28%
A Wayne Allen Park
28%
B Wayne Belleville
28%
E Monroe Erie
28%
F Genesee | Genesee, Livingston, and Oakland Fenton
28%
F Benzie Frankfort
28%
G Eaton Grand Ledge
28%
G Wayne Grosse Ile
28%
G Wayne Grosse Pointe Park
28%
H Houghton Hancock
28%
I Iron Iron River
28%
J Cass | Hillsdale Jefferson
28%
M Oakland Madison Heights
28%
M St. Clair Marysville
28%
M Oakland Milford
28%
N Oakland, Wayne | Wayne Northville
28%
O Oakland Oak Park
28%
S Allegan Saugatuck
28%
S Gratiot St. Louis
28%
S Chippewa | Washtenaw Superior
28%
S Leelanau Suttons Bay
28%
T Iosco Tawas
28%
T Antrim | Houghton Torch Lake
28%
W Oakland Waterford
28%
W Oakland West Bloomfield
28%
W Bay Williams
28%
W Wayne Wyandotte
28%
Z Ottawa Zeeland
28%
Z Saginaw Zilwaukee
28%
A St. Clair Algonac
25%
A Macomb Armada
25%
A Calhoun Athens
25%
B Delta | Iosco | Lake Baldwin
25%
B Saginaw Birch Run
25%
B Berrien Buchanan
25%
B Kent | Shiawassee Byron
25%
C Saginaw Carrollton
25%
C Washtenaw Chelsea
25%
C Montcalm | Oceana Crystal
25%
E Lake | Sanilac Elk
25%
F Oakland Ferndale
25%
F Isabella | Newaygo | Saginaw | +2 others Fremont
25%
G Montcalm Greenville
25%
H Oakland Hazel Park
25%
H Oakland Holly
25%
L Baraga L'Anse
25%
L Sanilac Lexington
25%
M Monroe | Washtenaw, Monroe Milan
25%
M Muskegon Muskegon Heights
25%
N Berrien | Berrien, Cass Niles
25%
N Muskegon Norton Shores
25%
P Van Buren Paw Paw
25%
P Shiawassee Perry
25%
R Macomb | Macomb, St. Clair | Marquette | Osceola Richmond
25%
S Sanilac Sandusky
25%
S Macomb | Oceana Shelby
25%
S Wayne Southgate
25%
T St. Joseph Three Rivers
25%
W Dickinson | Marquette | Missaukee | Ogemaw West Branch
25%
W Ingham Williamston
25%
A Monroe Ash
22%
B Antrim Bellaire
22%
B Oakland Beverly Hills
22%
B Charlevoix Boyne City
22%
C Monroe Carleton
22%
C Tuscola Caro
22%
C Osceola Cedar
22%
C Emmet Center
22%
C Eaton | Otsego | Ottawa Chester
22%
C Macomb Chesterfield
22%
C Oakland Clawson
22%
D Genesee Davison
22%
D Clinton DeWitt
22%
E Eaton Eaton Rapids
22%
E Calhoun | St. Clair Emmett
22%
F Cheboygan | Genesee | Missaukee Forest
22%
G Leelanau Glen Arbor
22%
L Oakland Lake Orion
22%
L Monroe London
22%
L Kent Lowell
22%
L Oakland | Roscommon Lyon
22%
M Hillsdale Montgomery
22%
N Luce Newberry
22%
N Muskegon North Muskegon
22%
N Leelanau Northport
22%
P Bay Pinconning
22%
P Huron Port Austin
22%
R Presque Isle Rogers
22%
S Arenac Standish
22%
T Lenawee Tecumseh
22%
W Cheboygan | Kent Walker
22%
W Oakland Wixom
22%
A Tuscola Akron
19%
A Lapeer Almont
19%
A Arenac Au Gres
19%
B Oakland Berkley
19%
B Manistee Brown
19%
C Alcona | Kent | Shiawassee Caledonia
19%
C Presque Isle Case
19%
C Cass Cassopolis
19%
C Macomb Center Line
19%
C Kalamazoo Charleston
19%
C Kalamazoo Comstock
19%
D Cass Dowagiac
19%
D Monroe Dundee
19%
D Shiawassee Durand
19%
E Ionia Easton
19%
E Leelanau Empire
19%
F Hillsdale Fayette
19%
F Genesee Flushing
19%
F Clinton Fowler
19%
F Livingston Fowlerville
19%
F Bay | Macomb Fraser
19%
G Delta Garden
19%
G Delta Gladstone
19%
G Genesee Grand Blanc
19%
G Kent Grandville
19%
H Emmet Harbor Springs
19%
H Cass Howard
19%
I Lapeer Imlay
19%
I Lapeer Imlay City
19%
I Gratiot Ithaca
19%
K Tuscola Kingston
19%
L Missaukee Lake City
19%
M Antrim Mancelona
19%
M Washtenaw Manchester
19%
M St. Clair Marine City
19%
M Calhoun Marshall
19%
M Allegan Martin
19%
M Tuscola Mayville
19%
N Gratiot | Macomb | Shiawassee New Haven
19%
P Oceana Pentwater
19%
P Sanilac Port Sanilac
19%
R Wayne Riverview
19%
R Presque Isle Rogers City
19%
R Ogemaw Rose City
19%
S Kent Sparta
19%
S Saginaw St. Charles
19%
W Gogebic Wakefield
19%
W Washtenaw Webster
19%
W Cheboygan Wolverine
19%
Y Washtenaw York
19%
A Newaygo Ashland
17%
A Kalamazoo | Washtenaw Augusta
17%
B Clinton Bath
17%
B Gladwin Beaverton
17%
B Berrien Berrien Springs
17%
B Gogebic Bessemer
17%
B Emmet Bliss
17%
B Jackson Brooklyn
17%
C Houghton Calumet
17%
C Kent Cascade
17%
C Huron Caseville
17%
C Tuscola Cass City
17%
C Ionia Clarksville
17%
C St. Clair Clay
17%
C Jackson | Tuscola | Van Buren Columbia
17%
C Kalamazoo Cooper
17%
C Iron Crystal Falls
17%
D Allegan Douglas
17%
E Clinton Eagle
17%
E Clinton Elsie
17%
E Osceola Evart
17%
F Clare Farwell
17%
F Allegan Fennville
17%
F Wayne, Monroe Flat Rock
17%
G Ottawa Georgetown
17%
H Clare | Gratiot | Van Buren Hamilton
17%
H Wayne Harper Woods
17%
H Alcona Harrisville
17%
H Van Buren Hartford
17%
H Livingston Hartland
17%
H Barry Hastings
17%
H Montmorency | Montmorency, Alpena Hillman
17%
I Monroe Ida
17%
K Oakland Keego Harbor
17%
L Van Buren Lawrence
17%
L Genesee Linden
17%
M Charlevoix | Livingston | Osceola | +2 others Marion
17%
M Sanilac Melvin
17%
M Wayne Melvindale
17%
M Macomb and St. Clair Memphis
17%
M Lapeer Metamora
17%
M Genesee Mount Morris
17%
N Marquette Negaunee
17%
N Lapeer North Branch
17%
N Dickinson Norway
17%
O Clinton | Ottawa Olive
17%
O Oakland Ortonville
17%
P Grand Traverse Paradise
17%
P Emmet Pellston
17%
P Livingston Pinckney
17%
Q Branch | Houghton Quincy
17%
R Genesee | Roscommon Richfield
17%
S Allegan | Washtenaw Salem
17%
S Mason Scottville
17%
S Ionia Sebewa
17%
S Jackson Spring Arbor
17%
S Berrien Stevensville
17%
S Genesee Swartz Creek
17%
U Branch, Calhoun Union City
17%
V Isabella | Shiawassee Vernon
17%
V Genesee | Montmorency Vienna
17%
W Oakland Walled Lake
17%
W Lake Webber
17%
W Ingham Webberville
17%
W Muskegon Whitehall
17%
W Oakland White Lake
17%
W Wayne Woodhaven
17%
Y St. Clair Yale
17%
A Lapeer | Manistee Arcadia
14%
A Clare Arthur
14%
A Lapeer Attica
14%
A Iosco | Roscommon Au Sable
14%
B Bay | Van Buren Bangor
14%
B Newaygo Barton
14%
B Kalkaska | Manistee Bear Lake
14%
B Ionia Belding
14%
B Benzie Benzonia
14%
B Ionia | Monroe | St. Clair Berlin
14%
B Clinton | Huron | Leelanau Bingham
14%
B Oakland Brandon
14%
B Saginaw Bridgeport
14%
B Berrien Bridgman
14%
B Sanilac, Lapeer Brown City
14%
B Chippewa | Macomb Bruce
14%
B Calhoun | Lapeer Burlington
14%
C Hillsdale Camden
14%
C St. Clair Capac
14%
C Menominee Cedarville
14%
C Leelanau Centerville
14%
C Houghton Chassell
14%
C Arenac | Genesee | Lenawee Clayton
14%
C Lapeer Columbiaville
14%
C Luce | St. Clair Columbus
14%
C Jackson Concord
14%
C Shiawassee Corunna
14%
C Sanilac Croswell
14%
D Clinton Dallas
14%
D Ingham Dansville
14%
D Chippewa Detour
14%
D Lapeer Dryden
14%
E Wayne Ecorse
14%
E Ogemaw Edwards
14%
E Benzie Elberta
14%
E Antrim Elk Rapids
14%
F Allegan Fillmore
14%
F St. Clair Fort Gratiot
14%
G Wayne Garden City
14%
G Bay | Clare | Grand Traverse | +3 others Garfield
14%
G Wayne Gibraltar
14%
H Livingston Hamburg
14%
H Jackson | Wexford Hanover
14%
H Gladwin Hay
14%
H Roscommon Higgins
14%
H Montcalm | Newaygo Home
14%
H Barry | Midland Hope
14%
J Saginaw James
14%
K Kent Kent City
14%
K Huron Kinde
14%
L Gratiot Lafayette
14%
L Oakland Leonard
14%
M Sanilac Marlette
14%
M Monroe Maybee
14%
M Emmet | Huron McKinley
14%
M Barry Middleville
14%
M Tuscola Millington
14%
M Genesee Montrose
14%
M Lenawee Morenci
14%
N Calhoun | Mackinac Newton
14%
O Eaton Olivet
14%
O Manistee Onekama
14%
O Ionia | Kalkaska Orange
14%
O Lapeer and Genesee Otter Lake
14%
O Branch | Clinton | Clinton and Shiawassee Ovid
14%
P Monroe Petersburg
14%
P Cass | Midland | Van Buren Porter
14%
P Presque Isle Posen
14%
R Hillsdale Reading
14%
R Wayne Redford
14%
R Osceola Reed City
14%
R Tuscola, Saginaw Reese
14%
R Kalamazoo | Missaukee | Montcalm | +2 others Richland
14%
R Wayne Rockwood
14%
R Isabella Rosebush
14%
S Ionia Saranac
14%
S Huron Sebewaing
14%
S Schoolcraft Seney
14%
S Isabella Shepherd
14%
S Ingham Stockbridge
14%
T Berrien Three Oaks
14%
T Arenac Turner
14%
U Tuscola Unionville
14%
V Tuscola Vassar
14%
V Eaton Vermontville
14%
W Clinton | Sanilac | Tuscola Watertown
14%
W Berrien Watervliet
14%
W Cheboygan | Van Buren Waverly
14%
W Allegan Wayland
14%
W Delta | Marquette | Tuscola Wells
14%
W St. Joseph White Pigeon
14%
A Lenawee | Oakland Addison
11%
A Iosco Alabaster
11%
A Emmet Alanson
11%
A Sanilac Applegate
11%
A Gratiot Ashley
11%
A Genesee Atlas
11%
A Alger Au Train
11%
B Oakland Bingham Farms
11%
B Lenawee Blissfield
11%
B Wayne Brownstown
11%
B Sanilac Buel
11%
C Barry Carlton
11%
C Emmet | Ontonagon Carp Lake
11%
C Kent and Muskegon | Muskegon Casnovia
11%
C Kent Cedar Springs
11%
C Saginaw Chesaning
11%
C Leelanau Cleveland
11%
C Lapeer Clifford
11%
C Kalamazoo Climax
11%
C Genesee Clio
11%
C Oakland Commerce
11%
C St. Joseph Constantine
11%
C Ottawa Coopersville
11%
C Benzie Crystal Lake
11%
D Montcalm Day
11%
D Newaygo | Tuscola Dayton
11%
D Sanilac Delaware
11%
D Roscommon Denton
11%
D Allegan Dorr
11%
D Lake | Lenawee | Otsego Dover
11%
E Keweenaw Eagle Harbor
11%
E St. Clair East China
11%
E Charlevoix East Jordan
11%
E Iosco East Tawas
11%
E Berrien Eau Claire
11%
E Gratiot | Lapeer Elba
11%
E Huron Elkton
11%
E Leelanau | Tuscola Elmwood
11%
E Clinton Essex
11%
F Lenawee | Shiawassee Fairfield
11%
F Tuscola Fairgrove
11%
F Sanilac Forestville
11%
F Muskegon Fruitport
11%
G Jackson Grass Lake
11%
H Bay Hampton
11%
H Huron Harbor Beach
11%
H Wexford Henderson
11%
H Calhoun | Midland Homer
11%
H Montcalm Howard City
11%
J Ottawa Jamestown
11%
J Midland Jasper
11%
J Antrim Jordan
11%
L Shiawassee Laingsburg
11%
L Oakland Lake Angelus
11%
L Montcalm Lakeview
11%
L Monroe La Salle
11%
L Leelanau Leland
11%
L Mason | Ogemaw Logan
11%
L St. Clair Lynn
11%
M Wexford Manton
11%
M Barry | Manistee | Saginaw Maple Grove
11%
M Ingham Meridian
11%
M Berrien Michiana
11%
M Antrim | Cass Milton
11%
M Sanilac Minden
11%
M Sanilac Minden City
11%
M Muskegon Montague
11%
M Sanilac Moore
11%
M Hillsdale Moscow
11%
M Ionia Muir
11%
N Barry Nashville
11%
N Gratiot Newark
11%
N Washtenaw Northfield
11%
O Arenac Omer
11%
O Oakland Orion
11%
O Ionia Orleans
11%
P Huron Paris
11%
P Ottawa | St. Joseph Park
11%
P Jackson Parma
11%
P Sanilac Peck
11%
P Ionia Pewamo
11%
P Montcalm Pierson
11%
P Washtenaw Pittsfield
11%
P Allegan Plainwell
11%
P Oakland Pleasant Ridge
11%
P Ottawa Port Sheldon
11%
P Eaton Potterville
11%
P Ogemaw Prescott
11%
R Marquette Republic
11%
R Clinton | St. Clair Riley
11%
R Ontonagon Rockland
11%
R Oceana Rothbury
11%
R Chippewa Rudyard
11%
S Washtenaw Scio
11%
S Calhoun | Clare | Huron | +4 others Sheridan
11%
S Gladwin | Huron | Iosco | +6 others Sherman
11%
S Wayne Sumpter
11%
T Iosco Tawas City
11%
T Calhoun Tekonsha
11%
T Saginaw Thomas
11%
T Schoolcraft Thompson
11%
T Arenac Twining
11%
U Huron Ubly
11%
V Otsego Vanderbilt
11%
V Kalamazoo Vicksburg
11%
W St. Clair Wales
11%
W Clinton Westphalia
11%
W Newaygo White Cloud
11%
W Chippewa Whitefish
11%
W Iosco Whittemore
11%
W Alpena | Charlevoix Wilson
11%
W Hillsdale | Ottawa Wright
11%
A Keweenaw Ahmeek
8%
A Presque Isle Allis
8%
A Mecosta | Sanilac Austin
8%
A Montmorency Avery
8%
B Barry Baltimore
8%
B Shiawassee Bancroft
8%
B Eaton Bellevue
8%
B Benzie Beulah
8%
B Wexford Boon
8%
B Ionia Boston
8%
B Saginaw Buena Vista
8%
B Shiawassee Burns
8%
B Lapeer Burnside
8%
B Branch Butler
8%
B Gladwin Butman
8%
C Missaukee Caldwell
8%
C Ionia Campbell
8%
C Montcalm Carson City
8%
C Sanilac Carsonville
8%
C Jackson and Lenawee Cement City
8%
C St. Joseph Centreville
8%
C St. Clair China
8%
C Kalkaska Clearwater
8%
C Allegan | St. Clair Clyde
8%
C St. Joseph Colon
8%
C Van Buren Covert
8%
C Alcona Curtis
8%
C Antrim | Mason | Sanilac Custer
8%
D Muskegon Dalton
8%
D Van Buren Decatur
8%
D Sanilac Deckerville
8%
D Ingham Delhi
8%
D Isabella | Newaygo Denver
8%
E Lake | Mason Eden
8%
E Bay Essexville
8%
E Newaygo Everett
8%
F St. Joseph Fabius
8%
F Huron Fairhaven
8%
F Oceana Ferry
8%
F Grand Traverse Fife Lake
8%
F Mason Fountain
8%
F Mason Free Soil
8%
F Monroe Frenchtown
8%
F Gratiot Fulton
8%
G Tuscola Gagetown
8%
G Genesee | Kent Gaines
8%
G Livingston Genoa
8%
G Tuscola Gilford
8%
G Lapeer Goodland
8%
G Genesee Goodrich
8%
G Alger Grand Island
8%
G Alcona | Clinton Greenbush
8%
H Charlevoix | Clare | Otsego Hayes
8%
H Newaygo, Oceana Hesperia
8%
H Muskegon Holton
8%
H Benzie Honor
8%
I Oakland Independence
8%
J Hillsdale Jonesville
8%
L Oakland Lathrup Village
8%
L Van Buren Lawton
8%
L Genesee and Shiawassee Lennon
8%
L Macomb Lenox
8%
L Jackson Leoni
8%
L Jackson | Wexford Liberty
8%
L Hillsdale Litchfield
8%
L Monroe Luna Pier
8%
L Lake Luther
8%
L Ionia Lyons
8%
M Lenawee Macon
8%
M Van Buren Mattawan
8%
M Missaukee McBain
8%
M Menominee Mellen
8%
M St. Joseph Mendon
8%
M Wexford Mesick
8%
M Marquette Michigamme
8%
M Alcona Mitchell
8%
M Mecosta Morley
8%
N Oceana New Era
8%
N Shiawassee New Lothrop
8%
N Gratiot North Star
8%
O Saginaw Oakley
8%
O Huron | Kalkaska Oliver
8%
O Presque Isle Onaway
8%
O Eaton Oneida
8%
O Huron Owendale
8%
P Cass Penn
8%
P Montcalm Pine
8%
P Livingston Putnam
8%
R Muskegon Ravenna
8%
R Macomb Ray
8%
R Clare Redding
8%
R Missaukee Riverside
8%
R Muskegon Roosevelt Park
8%
R Kalamazoo Ross
8%
S Kent Sand Lake
8%
S Midland Sanford
8%
S Branch Sherwood
8%
S Berrien Shoreham
8%
S Crawford | Wexford South Branch
8%
S Ottawa Spring Lake
8%
S Houghton | Montcalm Stanton
8%
S Antrim Star
8%
S Charlevoix St. James
8%
S Muskegon Sullivan
8%
S Osceola | Washtenaw Sylvan
8%
S Oakland Sylvan Lake
8%
T Kalamazoo Texas
8%
T Allegan Trowbridge
8%
V Cass Vandalia
8%
V Shiawassee Venice
8%
V Huron Verona
8%
V Clinton Victor
8%
W Eaton Windsor
8%
W Lenawee Woodstock
8%
A Grand Traverse Acme
6%
A Mecosta | Missaukee Aetna
6%
A Kalamazoo Alamo
6%
A Montmorency Albert
6%
A Kent Algoma
6%
A Keweenaw Allouez
6%
A Cheboygan Aloha
6%
A Iron Alpha
6%
A Mason Amber
6%
A Wexford Antioch
6%
A Sanilac Argyle
6%
B Antrim Banks
6%
B Berrien Baroda
6%
B Washtenaw Barton Hills
6%
B Calhoun | Monroe Bedford
6%
B Gladwin Billings
6%
B Jackson Blackman
6%
B Benzie Blaine
6%
B Van Buren Bloomingdale
6%
B Kalkaska | Muskegon Blue Lake
6%
B Charlevoix Boyne Falls
6%
B Kalamazoo | Saginaw Brady
6%
B Gratiot Breckenridge
6%
B Van Buren Breedsville
6%
B Lenawee Britton
6%
B St. Clair Brockway
6%
B Branch Bronson
6%
B St. Joseph Burr Oak
6%
C Cass Calvin
6%
C Lenawee Cambridge
6%
C Allegan | St. Clair Casco
6%
C Iron Caspian
6%
C Antrim Central Lake
6%
C Marquette Champion
6%
C Lake Chase
6%
C Ogemaw Churchill
6%
C Isabella Coe
6%
C Midland Coleman
6%
C Benzie | Huron | Mecosta | +2 others Colfax
6%
C Berrien Coloma
6%
C Manistee Copemish
6%
C Emmet Cross Village
6%
D Isabella | Lapeer | Lenawee | +2 others Deerfield
6%
D Chippewa DeTour Village
6%
D Chippewa Drummond
6%
E Midland Edenville
6%
E Cass Edwardsburg
6%
E Tuscola Ellington
6%
E Cheboygan Ellis
6%
E Antrim | Lake Ellsworth
6%
E Marquette Ely
6%
E Newaygo Ensley
6%
F Montcalm Ferris
6%
F Ottawa Ferrysburg
6%
F Sanilac Forester
6%
F Ogemaw Foster
6%
F Crawford Frederic
6%
F Barry Freeport
6%
F Clare Frost
6%
G Berrien Galien
6%
G Allegan Ganges
6%
G Schoolcraft Germfask
6%
G Van Buren Gobles
6%
G Grand Traverse Green Lake
6%
G Ontonagon Greenland
6%
G Livingston Green Oak
6%
G Oakland Groveland
6%
G Alcona Gustin
6%
H Lapeer Hadley
6%
H Antrim Helena
6%
H Osceola Hersey
6%
H Benzie Homestead
6%
H Allegan Hopkins
6%
H Ogemaw Horton
6%
H Marquette Humboldt
6%
H Oakland Huntington Woods
6%
I Barry Irving
6%
J Barry Johnstown
6%
K Manistee Kaleva
6%
K Dickinson Kingsford
6%
K Grand Traverse Kingsley
6%
K Chippewa Kinross
6%
L Cass LaGrange
6%
L Clinton Lebanon
6%
L St. Joseph Leonidas
6%
L Calhoun | Ingham Leroy
6%
L Osceola LeRoy
6%
L Ingham Leslie
6%
L Washtenaw Lima
6%
L Grand Traverse Long Lake
6%
M Montcalm | Sanilac Maple Valley
6%
M Cass Marcellus
6%
M Calhoun Marengo
6%
M Manistee Marilla
6%
M Luce | Ontonagon McMillan
6%
M Huron | Mason Meade
6%
M Lenawee Medina
6%
M Newaygo | Saginaw Merrill
6%
M Bay Merritt
6%
M Menominee Meyer
6%
M Presque Isle Millersburg
6%
M Midland | Ogemaw Mills
6%
M Allegan Monterey
6%
M Shiawassee Morrice
6%
M St. Joseph Mottville
6%
M Eaton Mulliken
6%
N Kent Nelson
6%
N Branch Noble
6%
N Isabella | St. Joseph Nottawa
6%
O Lenawee Onsted
6%
O Oakland Orchard Lake Village
6%
O Kalamazoo Oshtemo
6%
O Genesee Otisville
6%
O Otsego Otsego Lake
6%
P Mason Pere Marquette
6%
P Huron Pigeon
6%
P Hillsdale Pittsford
6%
P Benzie Platte
6%
P Huron Pointe Aux Barques
6%
P Huron Port Hope
6%
P Bay Portsmouth
6%
P Marquette Powell
6%
P Jackson Pulaski
6%
R Lenawee Raisin
6%
R Kalkaska Rapid River
6%
R Lenawee Riga
6%
R Ottawa Robinson
6%
R Barry Rutland
6%
S Marquette Sands
6%
S Jackson Sandstone
6%
S Washtenaw Sharon
6%
S Kent | Leelanau Solon
6%
S Saginaw Spaulding
6%
S Sanilac Speaker
6%
S Kent Spencer
6%
S Mecosta Stanwood
6%
S Jackson | Mason Summit
6%
S Saginaw Swan Creek
6%
T Benzie Thompsonville
6%
T Saginaw Tittabawassee
6%
T Chippewa Trout Lake
6%
T Marquette Turin
6%
V Oakland Village of Clarkston
6%
V Wayne and Macomb Village of Grosse Pointe Shores
6%
W Hillsdale Waldron
6%
W Jackson Waterloo
6%
W Allegan Watson
6%
W Oceana Weare
6%
W Alpena Wellington
6%
W Arenac Whitney
6%
W Isabella Wise
6%
W Tuscola Wisner
6%
Y Barry Yankee Springs
6%
A Ingham Alaiedon
3%
A Saginaw Albee
3%
A Branch Algansee
3%
A Kent Alpine
3%
A Hillsdale Amboy
3%
A Van Buren Antwerp
3%
A Tuscola Arbela
3%
A Gratiot Arcada
3%
A Genesee Argentine
3%
A Baraga Arvon
3%
B Roscommon Backus
3%
B Otsego Bagley
3%
B Delta Bark River
3%
B Mecosta Barryton
3%
B Chippewa Bay Mills
3%
B Emmet Bear Creek
3%
B Crawford Beaver Creek
3%
B Presque Isle Belknap
3%
B Clinton Bengal
3%
B Shiawassee Bennington
3%
B Gladwin Bentley
3%
B Ontonagon Bergland
3%
B Berrien Bertrand
3%
B Oscoda Big Creek
3%
B Newaygo Big Prairie
3%
B Presque Isle Bismarck
3%
B Grand Traverse Blair
3%
B Montcalm Bloomer
3%
B Saginaw Blumfield
3%
B Delta Brampton
3%
B Mackinac Brevort
3%
B Sanilac Bridgehampton
3%
B Newaygo Bridgeton
3%
B Newaygo Brooks
3%
B Gladwin Buckeye
3%
B Wexford Buckley
3%
B Iosco Burleigh
3%
B Missaukee Butterfield
3%
C Branch California
3%
C Kent Cannon
3%
C Menominee Carney
3%
C Barry Castleton
3%
C Montcalm Cato
3%
C Muskegon | Wexford Cedar Creek
3%
C Charlevoix | Huron Chandler
3%
C Saginaw Chapin
3%
C Alger Chatham
3%
C Wexford Cherry Grove
3%
C Lake Cherry Valley
3%
C Berrien Chikaming
3%
C Marquette Chocolay
3%
C Calhoun Clarendon
3%
C Livingston Cohoctah
3%
C Calhoun Convis
3%
C Livingston Conway
3%
C Houghton Copper City
3%
C Kent Courtland
3%
C Baraga Covington
3%
C Ottawa Crockery
3%
C Newaygo Croton
3%
C Ogemaw Cumming
3%
D Chippewa Dafter
3%
D Menominee Daggett
3%
D Ionia Danby
3%
D Tuscola Denmark
3%
D Eaton Dimondale
3%
D Clinton Duplain
3%
D Huron Dwight
3%
E Grand Traverse East Bay
3%
E Manistee Eastlake
3%
E Antrim Echo
3%
E Calhoun Eckford
3%
E Montcalm Edmore
3%
E Oceana Elbridge
3%
E Tuscola Elkland
3%
E Gratiot Emerson
3%
E Delta Ensign
3%
E Missaukee Enterprise
3%
E Monroe Estral Beach
3%
E Montcalm Eureka
3%
E Charlevoix Evangeline
3%
E Montcalm | Sanilac Evergreen
3%
E Monroe Exeter
3%
F Montcalm Fairplain
3%
F Menominee Faithorn
3%
F Dickinson Felch
3%
F Manistee Filer
3%
F St. Joseph Florence
3%
F St. Joseph Flowerfield
3%
F Mecosta Fork
3%
F Marquette Forsyth
3%
F Bay Frankenlust
3%
F Calhoun Fredonia
3%
F Clare Freeman
3%
F Muskegon Fruitland
3%
G Iron Gaastra
3%
G Kalamazoo Galesburg
3%
G Midland | Van Buren Geneva
3%
G Bay Gibson
3%
G Benzie | Isabella Gilmore
3%
G Oceana Golden
3%
G Ogemaw Goodar
3%
G Berrien Grand Beach
3%
G Kent Grattan
3%
G Midland Greendale
3%
G Clare | Oceana | Oscoda | +2 others Greenwood
3%
G Gladwin Grout
3%
H Ontonagon Haight
3%
H Livingston Handy
3%
H Wexford Haring
3%
H Osceola Hartwick
3%
H Alcona Haynes
3%
H Allegan Heath
3%
H Cheboygan Hebron
3%
H Schoolcraft Hiawatha
3%
H Menominee Holmes
3%
H Ionia, Clinton Hubbardston
3%
H Chippewa Hulbert
3%
H Huron Hume
3%
I Benzie Inland
3%
I Cheboygan Inverness
3%
I Schoolcraft Inwood
3%
I St. Clair Ira
3%
J Tuscola Juniata
3%
K Bay Kawkawlin
3%
K Van Buren Keeler
3%
K Ionia Keene
3%
K St. Clair Kimball
3%
K Ogemaw Klacking
3%
K Saginaw Kochville
3%
K Tuscola Koylton
3%
K Presque Isle Krakow
3%
L Benzie Lake Ann
3%
L Houghton Lake Linden
3%
L Ionia Lake Odessa
3%
L Houghton Laurium
3%
L Oceana Leavitt
3%
L Newaygo Lilley
3%
L Emmet Little Traverse
3%
L Ingham Locke
3%
L St. Joseph Lockport
3%
L Alpena Long Rapids
3%
L Crawford Lovells
3%
L Washtenaw Lyndon
3%
M Iron Mansfield
3%
M Clinton Maple Rapids
3%
M Alpena | Delta Maple Ridge
3%
M Emmet Maple River
3%
M Gogebic Marenisco
3%
M Ontonagon Matchwood
3%
M Alger Mathias
3%
M Branch Matteson
3%
M Grand Traverse | Lapeer Mayfield
3%
M Montcalm McBride
3%
M Charlevoix Melrose
3%
M Cheboygan | Oscoda Mentor
3%
M Osceola Middle Branch
3%
M Alcona Mikado
3%
M Mecosta Millbrook
3%
M Bay Monitor
3%
M Mecosta Morton
3%
M Bay Mount Forest
3%
M Schoolcraft Mueller
3%
M Cheboygan Mullett
3%
M Genesee Mundy
3%
M Cheboygan Munro
3%
M St. Clair Mussey
3%
N Menominee Nadeau
3%
N Delta Nahma
3%
N Jackson Napoleon
3%
N Roscommon Nester
3%
N Lake Newkirk
3%
N Manistee Norman
3%
N Hillsdale North Adams
3%
N Presque Isle North Allis
3%
N Missaukee | Newaygo Norwich
3%
N Charlevoix Norwood
3%
N Tuscola Novesta
3%
N Cheboygan Nunda
3%
O Kent Oakfield
3%
O Livingston Oceola
3%
O Lenawee Ogden
3%
O Ingham Onondaga
3%
O Barry Orangeville
3%
O Lapeer Oregon
3%
O Oceana Otto
3%
O Allegan Overisel
3%
P Lenawee Palmyra
3%
P Kalamazoo Parchment
3%
P Lake Peacock
3%
P Grand Traverse Peninsula
3%
P Calhoun Pennfield
3%
P Luce Pentland
3%
P Gratiot Perrinton
3%
P Chippewa Pickford
3%
P Lake Pinora
3%
P Missaukee Pioneer
3%
P Berrien Pipestone
3%
P Iosco | Kent Plainfield
3%
P Manistee Pleasanton
3%
P Cass Pokagon
3%
P Ottawa Polkton
3%
P Menominee Powers
3%
P Kalamazoo Prairie Ronde
3%
P Barry Prairieville
3%
R Emmet Readmond
3%
R Missaukee Reeder
3%
R Iosco Reno
3%
R Lenawee Ridgeway
3%
R Mason Riverton
3%
R Jackson Rives
3%
R Alger Rock River
3%
R Isabella Rolland
3%
R Lenawee Rollin
3%
R Ionia Ronald
3%
R Osceola Rose Lake
3%
R Eaton Roxand
3%
R Berrien Royalton
3%
R Huron Rubicon
3%
R Shiawassee Rush
3%
R Montmorency Rust
3%
S Gladwin Sage
3%
S Alpena Sanborn
3%
S Hillsdale Scipio
3%
S Gladwin Secord
3%
S Huron Sigel
3%
S Arenac Sims
3%
S Marquette Skandia
3%
S Berrien Sodus
3%
S Chippewa Soo
3%
S Charlevoix South Arm
3%
S Houghton South Range
3%
S Monroe South Rockwood
3%
S Menominee Spalding
3%
S Jackson Springport
3%
S Baraga Spurr
3%
S Menominee Stephenson
3%
S Gratiot Sumner
3%
S Eaton Sunfield
3%
S Clare Surrey
3%
S Lake Sweetwater
3%
T Ottawa Tallmadge
3%
T Saginaw Taymouth
3%
T Genesee Thetford
3%
T Barry Thornapple
3%
T Jackson Tompkins
3%
T Osceola Tustin
3%
T Kent | Livingston Tyrone
3%
U Livingston Unadilla
3%
V Allegan Valley
3%
V Ingham Vevay
3%
V Mason Victory
3%
W Oceana Walkerville
3%
W Eaton Walton
3%
W Antrim Warner
3%
W Gogebic Watersmeet
3%
W Benzie Weldon
3%
W Hillsdale | Mecosta | Sanilac Wheatland
3%
W Monroe Whiteford
3%
W Ingham White Oak
3%
W Muskegon White River
3%
W Grand Traverse Whitewater
3%
W Newaygo Wilcox
3%
W Ingham Williamstown
3%
W Cheboygan Wilmot
3%
W Montcalm Winfield
3%
W Oakland Wolverine Lake
3%
W Shiawassee Woodhull
3%
W Barry Woodland
3%
W Sanilac Worth
3%
Y Lake Yates
3%
A Van Buren Almena
0%
A Tuscola Almer
0%
A Benzie Almira
0%
A Van Buren Arlington
0%
A Barry Assyria
0%
A Ingham Aurelius
0%
B Berrien Bainbridge
0%
B Branch Batavia
0%
B Iron Bates
0%
B Delta Bay de Noc
0%
B Presque Isle Bearinger
0%
B Cheboygan Beaugrand
0%
B Montcalm Belvidere
0%
B Oceana Benona
0%
B Gratiot Bethany
0%
B Branch Bethel
0%
B Ottawa Blendon
0%
B Kalkaska Boardman
0%
B Ontonagon Bohemia
0%
B Mackinac Bois Blanc
0%
B Gladwin Bourret
0%
B Kent Bowne
0%
B Charlevoix Boyne Valley
0%
B Saginaw Brant
0%
B Dickinson Breen
0%
B Dickinson Breitung
0%
B Washtenaw Bridgewater
0%
B Montmorency Briley
0%
B Eaton | Huron Brookfield
0%
B Isabella Broomfield
0%
B Ingham Bunker Hill
0%
B Osceola Burdell
0%
B St. Clair Burtchville
0%
B Montcalm Bushnell
0%
C Hillsdale Cambria
0%
C Eaton Carmel
0%
C Otsego Charlton
0%
C Allegan Cheshire
0%
C Antrim Chestonia
0%
C Wexford Clam Lake
0%
C Missaukee Clam Union
0%
C Calhoun Clarence
0%
C Oceana Claybanks
0%
C Gladwin Clement
0%
C Manistee Cleon
0%
C Kalkaska Coldsprings
0%
C Oscoda Comins
0%
C Delta Cornell
0%
C Otsego Corwith
0%
C St. Clair Cottrellville
0%
D Arenac Deep River
0%
D Manistee Dickson
0%
D Montcalm Douglass
0%
D Schoolcraft Doyle
0%
D Houghton Duncan
0%
E Muskegon Egelston
0%
E Oscoda | Sanilac Elmer
0%
E Otsego Elmira
0%
E Houghton Elm River
0%
E Gogebic Erwin
0%
E Charlevoix Eveline
0%
E Marquette Ewing
0%
E Kalkaska Excelsior
0%
F Delta Fairbanks
0%
F St. Joseph Fawn River
0%
F Sanilac Flynn
0%
F Delta Ford River
0%
F Antrim Forest Home
0%
F Washtenaw Freedom
0%
F Emmet Friendship
0%
G Roscommon Gerrish
0%
G Branch Gilead
0%
G Branch Girard
0%
G Newaygo Goodwell
0%
G Huron Gore
0%
G Menominee Gourley
0%
G Sanilac Greenleaf
0%
G Gladwin Grim
0%
G Allegan Gun Plain
0%
H Berrien Hagar
0%
H Eaton | Mason Hamlin
0%
H Wexford Harrietta
0%
H Clare Hatton
0%
H Alcona Hawes
0%
H Shiawassee Hazelton
0%
H Iron Hematite
0%
H Mackinac Hendricks
0%
H Jackson Henrietta
0%
H Mecosta Hinton
0%
I Tuscola Indianfields
0%
I Menominee Ingallston
0%
I Midland Ingersoll
0%
I Ontonagon Interior
0%
J Midland Jerome
0%
J Saginaw Jonesfield
0%
J Benzie Joyfield
0%
K Eaton Kalamo
0%
K Leelanau Kasson
0%
K Antrim Kearney
0%
K St. Clair Kenockee
0%
K Branch Kinderhook
0%
K Cheboygan Koehler
0%
L Houghton Laird
0%
L Luce | Saginaw Lakefield
0%
L Isabella Lake Isabella
0%
L Muskegon Laketon
0%
L Allegan Laketown
0%
L Muskegon Lakewood Club
0%
L Sanilac Lamotte
0%
L Midland Larkin
0%
L Allegan Leighton
0%
L Alger Limestone
0%
L Emmet Littlefield
0%
L Washtenaw Lodi
0%
L Montmorency Loud
0%
M Allegan Manlius
0%
M Crawford Maple Forest
0%
M Lapeer Marathon
0%
M Roscommon Markey
0%
M Mecosta Martiny
0%
M Delta Masonville
0%
M Iron Mastodon
0%
M Presque Isle Metz
0%
M Shiawassee Middlebury
0%
M Arenac Moffatt
0%
M Presque Isle Moltke
0%
M Muskegon Moorland
0%
M Mackinac Moran
0%
M Midland Mount Haley
0%
N Cass Newberg
0%
N Oceana Newfield
0%
N Ionia North Plains
0%
N Gratiot North Shade
0%
N Jackson Norvell
0%
O Presque Isle Ocqueoc
0%
O Ionia Odessa
0%
O Alger Onota
0%
O Cass Ontwa
0%
O Osceola Orient
0%
O Berrien Oronoko
0%
O Alpena Ossineke
0%
O Ionia Otisco
0%
P Kalamazoo Pavilion
0%
P Charlevoix Peaine
0%
P Van Buren Pine Grove
0%
P Gratiot Pine River
0%
P Lake Pleasant Plains
0%
P Emmet Pleasantview
0%
P Presque Isle Pulawski
0%
R Chippewa Raber
0%
R Monroe Raisinville
0%
R Hillsdale Ransom
0%
R Emmet Resort
0%
R Montcalm Reynolds
0%
S Dickinson Sagola
0%
S Huron Sand Beach
0%
S Lake Sauble
0%
S Shiawassee Sciota
0%
S Wexford Selma
0%
S Lenawee Seneca
0%
S Gratiot Seville
0%
S Montcalm Sidney
0%
S Cass Silver Creek
0%
S Wexford Slagle
0%
S Hillsdale Somerset
0%
S Manistee Springdale
0%
S Emmet Springvale
0%
S Wexford Springville
0%
S Iron Stambaugh
0%
S Ontonagon Stannard
0%
S Manistee Stronach
0%
S Chippewa Sugar Island
0%
S Clare | Monroe Summerfield
0%
T Marquette Tilden
0%
T Gladwin Tobacco
0%
T Cheboygan Tuscarora
0%
V Kent Vergennes
0%
V Cass Volinia
0%
W Kalamazoo Wakeshma
0%
W Dickinson Waucedah
0%
W Emmet Wawatam
0%
W Berrien Weesaw
0%
W Emmet West Traverse
0%
W Ingham Wheatfield
0%
W Gratiot Wheeler
0%
W Iosco Wilber
0%
W Huron Winsor
0%
W Clare Winterfield
0%
W Hillsdale Woodbridge
0%
No matching quizzes found
Score Distribution
Percent of People with Each Score
Percentile by Number Answered
Your Score History
You have not taken this quiz